[Event "XC URU-ch Final 2019"]
[Site "Montevideo"]
[Date "2019.03.17"]
[Round "2.5"]
[White "Michailov, Matias"]
[Black "Granara Barreto, Sebastian"]
[Result "1-0"]
[WhiteElo "2205"]
[BlackElo "2115"]
[Annotator "TA"]
[PlyCount "57"]
[EventDate "2019.03.16"]
[EventType "tourn"]
[EventCountry "URU"]
[SourceTitle "playchess.com"]
[Source "ChessBase"]
[SourceQuality "1"]

{[%evp 15,57,25,41,28,42,25,30,39,60,70,68,66,68,75,71,68,373,383,363,378,372,372,326,329,253,312,304,304,218,220,217,208,189,199,702,249,220,233,649,570,551,533,29998,29998]} 1. e4 c5 2. Nf3 e6 3. d4 cxd4 4. Nxd4 Nc6 5. Nc3 Qc7 6. Be2 a6 7. O-O Nf6 8. Be3 b5 {[%cal Bb7b5,Bb5b4][%mdl 32]} 9. f4 {B49: Sicilian: Taimanov: 5 Nc3 Qc7 6 Be3 a6 7 Be2} b4 10. Na4 $1 Nxe4 11. Bf3 $1 {[%cal Rf3e4] White has an edge.} d5 12. c4 $146 ({Predecessor:} 12. f5 exf5 13. Nxf5 Be6 14. Kh1 Qe5 15. Bg4 h5 16. Bh3 g5 {1-0 (44) Shahade,G (2454)-Stripunsky,A (2546) New York 2002}) 12... bxc3 $1 13. Rc1 $1 Bd7 {Strongly threatening ...Nd2!} 14. Nxc3 Nxc3 15. Rxc3 Qb7 $2 {[%mdl 8192]} (15... Bb4 $14) 16. Nxc6 $1 $18 Bxc6 17. Qd4 Bd7 18. Rb3 $1 {[%cal Rb3b7]} Qc6 19. Rc1 Qa4 {[#] intending ...Qxd4.} 20. Qe5 $1 {Rb8+ would kill now.} f6 21. Bh5+ g6 22. Qxf6 {Bxg6+ is the strong threat.} Rg8 23. Bf3 Bg7 24. Qh4 h5 $2 (24... Kf7 25. Rb7 Rac8) 25. Rb7 $2 (25. Qg5 Bd4 {[#]} 26. f5 $1 {[%mdl 512]} (26. Rc7 Qa5 $14)) 25... Bd4 26. Qf2 Bxe3 $2 (26... Rc8 27. Rxc8+ Bxc8) 27. Qxe3 {aiming for Bxd5.} Rf8 28. Rcc7 Bc8 {[#]} 29. Rxc8+ $1 {[%mdl 512] Accuracy: White = 79%, Black = 47%.} 1-0

[Event "XC URU-ch Final 2019"]
[Site "Montevideo"]
[Date "2019.03.18"]
[Round "3.1"]
[White "Granara Barreto, Sebastian"]
[Black "Muniz, Rafael"]
[Result "1-0"]
[WhiteElo "2115"]
[BlackElo "2272"]
[Annotator "TA"]
[PlyCount "53"]
[EventDate "2019.03.16"]
[EventType "tourn"]
[EventCountry "URU"]
[SourceTitle "playchess.com"]
[Source "ChessBase"]
[SourceQuality "1"]

{[%evp 21,53,21,26,-3,0,0,6,0,0,0,0,0,0,0,0,0,96,86,78,79,132,103,143,128,209,245,329,214,543,541,881,878,839,814]} 1. Nf3 Nf6 2. c4 c5 3. g3 d5 4. cxd5 Nxd5 5. Bg2 Nc6 6. O-O e5 7. Nc3 Nc7 8. d3 Be7 9. Be3 O-O 10. Nd2 Nd4 11. Nc4 {A34: Symmetrical English: 2 Nc3, lines with ...d5} f6 {LiveBook: 10 Games} 12. Bd2 (12. a4 Kh8 13. f4 exf4 14. Bxf4 Nce6 15. Bd2 Rb8 16. Nb5 Nxb5 17. axb5 Nd4 18. Bf4 Bg4 {1-0 (45) Medak,B (2380)-Schlosser,P (2510) Lemgo 2018}) 12... Rb8 13. a4 $146 {The position is equal.} ({Predecessor:} 13. f4 exf4 14. Bxf4 Nde6 15. Be3 b6 16. a4 Bb7 17. Bxb7 Rxb7 18. Qb3 Qd7 {1-0 (40) Wynn,Z (2374)-Zaw,W (2377) Yangon 2011}) 13... b6 14. e3 Nde6 15. Qe2 Bb7 16. Bxb7 Rxb7 17. f4 exf4 18. gxf4 {[%cal Bg3f4,Bf4f5][%mdl 32]} Rb8 (18... f5 $11) 19. f5 $36 {[%mdl 2048] White has strong initiative.} Ng5 20. e4 Nf7 (20... a6 $142) 21. Bf4 Qd7 22. Rf3 Ne5 (22... a6 $16 {was worth a try.}) 23. Rh3 $18 g5 24. Qh5 {[%csl Gh3][%cal Rh5h7]} Rf7 $2 (24... Bd6 {is more resistant.}) 25. Bxe5 {White is clearly winning.} fxe5 {[#]} 26. Qxf7+ $1 {[%mdl 576] Decoy} Kxf7 27. Nxe5+ {[%mdl 64] Double Attack. Accuracy: White = 81%, Black = 13%.} 1-0

[Event "XC URU-ch Final 2019"]
[Site "Montevideo"]
[Date "2019.03.18"]
[Round "3.2"]
[White "Hoffman, Alejandro"]
[Black "Michailov, Matias"]
[Result "1/2-1/2"]
[WhiteElo "2454"]
[BlackElo "2205"]
[Annotator "TA"]
[PlyCount "92"]
[EventDate "2019.03.16"]
[EventType "tourn"]
[EventCountry "URU"]
[SourceTitle "playchess.com"]
[Source "ChessBase"]
[SourceQuality "1"]

{[%evp 18,92,1,20,21,0,57,59,50,61,96,60,69,60,97,82,83,56,76,12,77,84,80,60,70,43,51,35,58,37,29,21,19,18,50,51,79,14,20,0,0,0,0,0,35,25,92,0,0,0,0,0,0,-6,13,13,197,0,0,-423,387,-422,-421,-29993,-392,-347,-324,-294,-294,-248,0,0,0,0,0,0,0]} 1. d4 Nf6 2. c4 g6 3. Nc3 Bg7 4. e4 d6 5. f3 O-O 6. Bg5 Nbd7 7. Qd2 c5 8. Nge2 a6 9. d5 b5 10. cxb5 Ne5 {E81: King's Indian: Sämisch: 6th move deviations (including 6 Be3 c6)} (10... Nb6 11. Ng3 axb5 12. Bxb5 Ba6 13. Bxa6 Rxa6 14. b3 Qa8 15. Bh6 Bxh6 16. Qxh6 Ra3 17. O-O Qa5 18. Nge2 {1-0 (44) Reinderman,D (2586)-Schmaltz,R (2527) Amsterdam 2015}) 11. Nc1 axb5 (11... Nfd7 $11) 12. Bxb5 $14 Ba6 {White is slightly better.} 13. Bxa6 Rxa6 14. Qe2 Qb6 15. O-O c4+ $146 ({Predecessor:} 15... h6 16. Bh4 e6 17. Kh1 g5 18. f4 gxh4 19. fxe5 dxe5 20. dxe6 Qxe6 {Hrivnak,D (2320)-Pletanek,D (2090) Czechoslovakia 1992}) 16. Be3 Qb7 17. Rb1 Rc8 18. a4 (18. Bd4 $16) 18... e6 (18... Nfd7 $11 {keeps the balance.}) 19. dxe6 $16 fxe6 20. b4 cxb3 $1 21. Rxb3 Qa8 22. N1a2 {Black must now prevent Nb4.} Rac6 23. Rd1 Nfd7 24. Bd4 Rc4 {And now ...Nxf3+! would win.} 25. Bf2 Nf7 {[%cal Rg7c3]} 26. Be1 g5 27. h4 ({White should try} 27. Kh1 $16) 27... gxh4 $11 28. f4 Nf6 {[%cal Rf6e4]} 29. Rb4 $1 {[%cal Rb4c4]} Rxb4 30. Nxb4 Qa7+ 31. Kh1 Qc5 (31... h5 $11) 32. e5 ({White should play} 32. Nd3 $16 Qh5 33. Qxh5 Nxh5 34. Nb5) 32... dxe5 33. Nd3 Qc4 34. fxe5 Nd5 35. Ne4 $132 {[%mdl 2048] Strongly threatening Nd6. White is not holding back} Qa6 (35... Nxe5 $2 36. Nd6 $18) 36. Qg4 Rc4 $2 (36... Nh6 $11 37. Qg5 (37. Qxh4 Nf5 $11) 37... h3) 37. Ndc5 $2 ({Don't play} 37. Bxh4 $6 Nh6 $14) (37. Bd2 $1 $18) 37... Rxc5 38. Nxc5 $4 {[%mdl 8192]} (38. Bxh4 $11 {and White has nothing to worry.} Rc7 39. Nf6+ Kh8 40. Ne8 Bxe5 41. Nxc7 Bxc7 42. Bg3) 38... Qf1+ $19 39. Kh2 Ne3 {[%mdl 64] Double Attack} 40. Rd8+ Nxd8 41. Qg5 Nf7 ({Inferior is} 41... Qxe1 42. Qxd8+ Bf8 43. Qg5+ Bg7 44. Qd8+ Kf7 45. Qd7+ Kg6 46. Qxe6+ Kh5 47. Qf7+ Kh6 48. Qe6+ Kh5 49. Qf7+ Kh6 50. Qe6+ Kh5 $11) 42. Qxe3 Bxe5+ 43. g3 {[#]} Qxe1 $2 ({Better is} 43... h3 $1 $19 {[%csl Gh3][%cal Rf1g2]} 44. Qg1 Qxg1+ 45. Kxg1 Bd4+ {[%mdl 64] Double Attack} 46. Bf2 {[#]} h2+ $1 {[%mdl 576] Deflection} 47. Kxh2 Bxf2 48. Nxe6 Bb6) 44. Qxe1 $11 {The position is equal.} Bxg3+ 45. Qxg3+ hxg3+ 46. Kxg3 Nd8 {Accuracy: White = 46%, Black = 51%.} 1/2-1/2

[Event "XC URU-ch Final 2019"]
[Site "Montevideo"]
[Date "2019.03.18"]
[Round "3.3"]
[White "Coppola, Claudio"]
[Black "Sosa Macho, Juan Manuel"]
[Result "1-0"]
[WhiteElo "2225"]
[BlackElo "2072"]
[Annotator "TA"]
[PlyCount "97"]
[EventDate "2019.03.16"]
[EventType "tourn"]
[EventCountry "URU"]
[SourceTitle "playchess.com"]
[Source "ChessBase"]
[SourceQuality "1"]

{[%evp 9,97,0,46,52,68,19,19,3,15,11,16,16,17,10,35,10,4,0,31,16,25,-18,-8,-12,-18,-14,-13,-16,-15,-14,0,0,0,-36,0,-35,-40,-56,-60,-96,-76,-87,-71,-72,-64,-62,-50,-71,0,0,0,0,0,0,0,0,0,0,0,0,0,0,0,4,91,8,8,0,26,23,18,0,752,694,1006,970,836,823,29972,29973,29970,29973,29970,29974,29973,29974,29970,29972,29960,29961]} 1. d4 Nf6 2. Nc3 d5 3. Bf4 c5 4. e3 cxd4 5. exd4 g6 (5... a6 6. Bd3 Nc6 7. Nge2 Bg4 8. f3 Bh5 9. h4 Bg6 10. g4 e6 11. h5 Bxd3 12. Qxd3 h6 13. O-O-O {0-1 (50) Jobava,B (2646)-Nisipeanu,L (2657) Spilimbergo 2018}) 6. Nb5 {B13: Caro-Kann: Exchange Variation and Panov-Botvinnik Attack} Na6 $1 7. Bd3 Bg7 8. Be5 {The position is equal.} O-O 9. c3 Nh5 10. Bxg7 Nxg7 11. Nf3 Bf5 12. h4 $146 ({Predecessor:} 12. O-O Nc7 13. Nxc7 Qxc7 14. Bxf5 Nxf5 {½-½ (59) Karjalainen,P-Sisatto,O Tampere 1997}) 12... Qb6 13. a4 Qe6+ 14. Kf1 Bg4 15. Ng5 Qd7 16. Be2 Bxe2+ 17. Qxe2 f6 18. Nf3 Nb8 {[%cal Ba6b8,Bb8c6,Bc6e7][%mdl 32]} 19. c4 dxc4 20. Qxc4+ e6 21. Re1 Rc8 22. Qe2 Nc6 23. Qe4 Ne7 24. g3 Rc4 25. b3 Rc6 26. Kg2 a6 27. Na3 Rc3 28. Nc4 {And now Nb6 would win.} Rxb3 (28... Nd5 $17 29. Nfd2 Rc8) 29. Rb1 $11 Rxb1 30. Rxb1 {aiming for Nb6.} Rb8 31. Qf4 $36 {[%mdl 2048] White is more active.} Rf8 32. Qd6 Rd8 {[#]} 33. Rxb7 $1 {[%mdl 512]} Qxd6 (33... Qxb7 34. Qxd8+) 34. Nxd6 Rxd6 35. Rxe7 {[%mdl 4096] Endgame KRN-KRN} h5 36. Ra7 Kh7 (36... Nf5 $11) 37. Kf1 (37. Rf7 $16) 37... Kh6 38. Rf7 Ne8 39. Re7 Ng7 40. Rf7 f5 $2 {[%mdl 8192]} (40... Ne8 $11) 41. Ng5 f4 42. Rf8 {[%cal Rf8h8]} Nf5 {[#]} 43. Rxf5 $1 {[%mdl 512] Intending Rf7 and mate.} gxf5 $18 {KR-KN} (43... exf5 44. Nf7+) 44. Nf7+ {[%mdl 64] Double Attack. White mates.} Kg6 45. Nxd6 fxg3 46. fxg3 Kf6 47. Nb7 e5 48. dxe5+ Kxe5 49. Nc5 {Accuracy: White = 57%, Black = 58%.} 1-0

[Event "XC URU-ch Final 2019"]
[Site "Montevideo"]
[Date "2019.03.18"]
[Round "3.4"]
[White "Lopez Azambuja, Nicolas"]
[Black "Roselli Mailhe, Bernardo"]
[Result "0-1"]
[WhiteElo "2335"]
[BlackElo "2445"]
[Annotator "TA"]
[PlyCount "80"]
[EventDate "2019.03.16"]
[EventType "tourn"]
[EventCountry "URU"]
[SourceTitle "playchess.com"]
[Source "ChessBase"]
[SourceQuality "1"]

{[%evp 18,80,47,43,44,28,22,29,27,28,64,68,84,28,20,37,57,66,70,0,0,0,0,-26,-30,-35,-19,-12,-29,-20,-4,-5,-6,-120,-139,-241,-253,-247,-238,-271,-268,-260,-272,-249,-250,-210,-200,-437,-512,-694,-656,-675,-651,-659,-612,-702,-702,-692,-617,-682,-632,-916,-842,-29980,-612]} 1. d4 Nf6 2. c4 g6 3. Nc3 Bg7 4. e4 d6 5. Nf3 O-O 6. Be2 e5 7. Be3 Nbd7 8. O-O Ng4 9. Bg5 f6 10. Bh4 Nh6 {E94: King's Indian: Classical: 6 Be2 e5 7 0-0: Various Black 7th moves} (10... h5 11. h3 Nh6 12. Bg3 a5 13. Qd2 Nf7 14. Rad1 c6 15. Qc2 Re8 16. a3 Qe7 17. b4 axb4 18. axb4 Ng5 {½-½ (40) Feller,S (2574)-Naiditsch,A (2697) Brest 2018}) 11. c5 exd4 12. Nxd4 {[#] Hoping for Ne6.} Nxc5 {White has an edge.} 13. b4 Na6 $146 ({Predecessor:} 13... g5 14. Bg3 Nxe4 15. Nxe4 f5 16. Rc1 fxe4 17. Nb5 Nf5 18. Nxc7 Nxg3 {½-½ (71) Boehme,S (2512)-Heinrich,O (2345) Remote email 2012}) 14. Bxa6 bxa6 15. Nc6 (15. Nd5 $16) 15... Qe8 $11 16. Nd5 Rf7 17. Rc1 $1 Bb7 18. Qc2 (18. Na5 $14 Bxd5 19. Qxd5) 18... g5 19. Bg3 f5 $36 {[%mdl 2048] Threatens to win with ...f4. Black has the initiative.} 20. exf5 (20. f3 {keeps more tension.} Qxc6 21. Qxc6 Bxc6 22. Rxc6 fxe4 23. Nxc7 Rc8 24. Rfc1) 20... Nxf5 {...h5 is the strong threat.} 21. Rfe1 Qxc6 22. Qxc6 Bxc6 23. Rxc6 Nxg3 24. hxg3 Bd4 25. Re7 (25. Re2 $11) 25... Bxf2+ $17 26. Kh2 (26. Kf1 $17 {was necessary.} Bxg3+ 27. Ke2) 26... Rxe7 $19 27. Nxe7+ {[%mdl 4096] Endgame KRB-KRN} Kf7 28. Rxc7 Bb6 29. Rb7 Ke6 30. g4 {[#]} d5 $1 31. Nf5 d4 {aiming for ...d3.} 32. Kg3 $2 (32. Re7+ {was forced.} Kd5 33. a4) 32... d3 33. Kf3 Rd8 34. Re7+ Kd5 35. Ne3+ Kd4 36. Nd1 Rf8+ 37. Kg3 Rf1 38. Rd7+ Ke4 39. Re7+ Kd5 40. Rd7+ Ke5 {Accuracy: White = 38%, Black = 69%.} (40... Ke6 $142 41. Rxh7 Rxd1 42. Rh6+ Ke5 43. Rh7 Rf1 44. Rd7 Bd4 45. Rd8 d2 46. Re8+ Kd5 47. Kh3 Rh1+ 48. Kg3 d1=Q 49. Rd8+ Kc6 50. b5+ Kc7 51. Rxd4 Qe1+ 52. Kf3 Rf1#) 0-1

[Event "XC URU-ch Final 2019"]
[Site "Montevideo"]
[Date "2019.03.18"]
[Round "3.5"]
[White "Rodriguez Vila, Andres"]
[Black "Curi, Gabriel"]
[Result "1-0"]
[WhiteElo "2495"]
[BlackElo "2192"]
[Annotator "TA"]
[PlyCount "73"]
[EventDate "2019.03.16"]
[EventType "tourn"]
[EventCountry "URU"]
[SourceTitle "playchess.com"]
[Source "ChessBase"]
[SourceQuality "1"]

{[%evp 19,73,11,13,-10,17,9,7,2,15,8,38,20,25,0,1,1,3,1,1,1,1,3,100,100,96,99,225,221,231,232,263,263,277,277,322,323,420,388,547,541,500,483,433,355,355,348,12847,12849,12850,12848,29961,6446,29978,5851,29980,29981]} 1. e4 e6 2. d4 d5 3. exd5 exd5 4. Nf3 Nc6 5. Bd3 Bg4 6. c3 Bd6 7. O-O Nge7 8. Re1 f6 9. Nbd2 {[%cal Bb1d2,Bd2f1,Bf1e3][%mdl 32]} Qd7 10. b4 O-O {LiveBook: 7 Games} 11. Nf1 {C01: French: Exchange Variation} Bf5 (11... Rae8 12. a4 Ng6 13. Ne3 Be6 14. g3 Nce7 15. Ra2 Nf5 16. Ng2 Bf7 17. Rae2 Rxe2 18. Rxe2 Re8 {½-½ (40) Leko,P (2731)-Morozevich,A (2724) Sochi 2014}) 12. Ne3 Bxd3 13. Qxd3 {The position is equal.} Rae8 $146 ({Predecessor:} 13... Rfe8 14. a4 Ng6 15. Nf5 Rxe1+ 16. Nxe1 Re8 17. Nc2 Bxb4 18. Qh3 Qe6 {0-1 (26) De Castro de Leon,J (1766)-Bernardez Gonzalez,R (1531) Tenerife 2015}) 14. Bd2 Bf4 15. a4 Bxe3 16. Rxe3 (16. fxe3 {with more complications.} Qf5 17. e4 Qg6 18. Nh4 Qg4 19. g3) 16... Nf5 17. Rxe8 Rxe8 18. Qb5 Rb8 19. Bf4 a6 20. Qd3 Re8 {[#]} (20... g6 $11 {keeps the balance.}) 21. b5 $1 $16 {[%cal Rb5c6]} axb5 22. Qxb5 b6 {[#]} (22... g5 $16) 23. Bxc7 $1 $18 {[%mdl 512]} Qxc7 24. Qxd5+ Kh8 {White must now prevent ...Nd6.} 25. Qxf5 Na5 26. Qb5 {[%cal Rb5e8]} Rc8 27. Re1 {Threatening mate with Re8+.} g6 28. d5 {[%cal Bd4d5,Bd5d6][%mdl 32] Re8+ is the strong threat.} Qxc3 (28... Nb7 {was called for.} 29. Re6 Qd8) 29. d6 Nc6 30. Qxb6 Ne5 31. Qe3 Qxe3 32. fxe3 {Hoping for Nxe5.} Rd8 $2 (32... Nf7 33. d7 Rc7) 33. Nxe5 fxe5 {KR-KR} 34. Rd1 Kg7 35. a5 (35. d7 $142 h6 36. a5 Kf6 37. a6 Kf5 38. a7 Ke4 39. Ra1 Ra8 40. Kf2) 35... Kf7 36. a6 (36. d7 $142 Ke6 37. a6 Kf5 38. a7 Ke4 39. Kf2 Rf8+ 40. Kg3 Rd8 41. Rc1 Kxe3 42. Rc8 Rxd7 43. a8=Q) 36... Ke8 {[#]} 37. d7+ $1 {Precision: White = 58%, Black = 24%.} 1-0

[Event "XC URU-ch Final 2019"]
[Site "Montevideo"]
[Date "2019.03.19"]
[Round "4.1"]
[White "Muniz, Rafael"]
[Black "Curi, Gabriel"]
[Result "1/2-1/2"]
[WhiteElo "2272"]
[BlackElo "2192"]
[Annotator "TA"]
[PlyCount "52"]
[EventDate "2019.03.16"]
[EventType "tourn"]
[EventCountry "URU"]
[SourceTitle "playchess.com"]
[Source "ChessBase"]
[SourceQuality "1"]

{[%evp 9,52,22,23,-33,0,-2,0,-25,-26,-16,-26,-37,-44,-65,-36,-47,-52,-52,-50,-43,-29,-72,-48,-54,-54,-46,-38,-58,-58,-58,-46,-48,-42,-84,-77,-121,-119,-116,-30,-33,-15,-18,-18,-18,-18]} 1. e4 e6 2. d4 d5 3. Nd2 c5 4. exd5 exd5 5. Ngf3 Nf6 6. Bd3 {C08: French Tarrasch: 3...c5 4 exd5 exd5 sidelines} (6. Bb5+ $11 Bd7 7. Bxd7+ Nbxd7 8. O-O) (6. Bb5+ Bd7 7. Qe2+ Be7 8. dxc5 O-O 9. Nb3 a6 10. Bxd7 Nbxd7 11. Be3 Rc8 12. O-O Re8 13. Qd3 Nxc5 14. Nxc5 Bxc5 15. Bxc5 Rxc5 16. Rfe1 Rc8 {1-0 (41) Jones,G (2682)-Savchenko,B (2562) St Petersburg 2018}) 6... Nc6 7. dxc5 Bxc5 8. O-O O-O 9. Nb3 Bb6 10. Bg5 h6 11. Bh4 Re8 $146 ({Predecessor:} 11... g5 12. Bg3 Ne4 13. c4 Nxg3 14. hxg3 dxc4 15. Bxc4 Qf6 16. Qd2 {0-1 (70) Krapivin,V (2327)-Cvek,R (2516) Pardubice 2017}) 12. Re1 g5 13. Rxe8+ Qxe8 14. Bg3 Ne4 {Hoping for ...f5.} 15. c4 Nxg3 16. hxg3 dxc4 17. Bxc4 Be6 18. Qe2 Bxc4 19. Qxc4 Ne5 20. Qe4 Nxf3+ 21. Qxf3 Rc8 {[#] Strongly threatening ...Rc2.} 22. Qf5 Rc6 23. Rd1 Kg7 (23... Qe2 $17 24. Rd7 Qe1+ 25. Kh2 Qxf2 26. Qxf2 Bxf2) 24. Qd3 $1 $11 Qe5 25. Nd4 Bxd4 26. Qxd4 Qxd4 {Accuracy: White = 47%, Black = 72%.} 1/2-1/2

[Event "XC URU-ch Final 2019"]
[Site "Montevideo"]
[Date "2019.03.19"]
[Round "4.2"]
[White "Granara Barreto, Sebastian"]
[Black "Hoffman, Alejandro"]
[Result "0-1"]
[WhiteElo "2115"]
[BlackElo "2454"]
[Annotator "TA"]
[PlyCount "62"]
[EventDate "2019.03.16"]
[EventType "tourn"]
[EventCountry "URU"]
[SourceTitle "playchess.com"]
[Source "ChessBase"]
[SourceQuality "1"]

{[%evp 29,62,105,101,93,125,45,47,43,56,39,36,0,0,0,0,0,0,-17,-10,-186,-178,-227,-197,-352,-351,-332,-319,-380,-370,-5277,-2466,-1603,-451,-451,-429]} 1. e4 c5 2. Nf3 d6 3. d4 cxd4 4. Nxd4 Nf6 5. Nc3 g6 6. Be3 Bg7 7. f3 O-O 8. Qd2 Nc6 9. Bc4 Bd7 10. O-O-O Qa5 11. Kb1 Rfc8 12. Bb3 Ne5 13. h4 Nc4 14. Bxc4 Rxc4 15. Nb3 Qc7 16. g4 {B79: Sicilian Dragon: Yugoslav Attack, 9 Bc4 Bd7 10 0-0-0 Qa5} Be6 (16... Rc8 17. e5 Ne8 18. h5 Rxc3 19. bxc3 Qxc3 20. hxg6 hxg6 21. Qf2 Bxe5 22. Bd4 Bxd4 23. Rxd4 e6 24. Rd3 Qc4 {0-1 (47) Macieja,B (2543)-Kaliksteyn,A (2423) Dallas 2016}) 17. Bd4 ({Better is} 17. h5 $16) 17... a5 $14 18. Nb5 {White is slightly better.} Qc6 $146 ({Predecessor:} 18... Qd7 19. Na3 Rcc8 20. h5 a4 21. Nc1 b5 22. c3 Bc4 23. hxg6 fxg6 24. Qh2 Qe6 25. Ne2 Qf7 26. Rd2 {½-½ (26) Forgues,F (2162)-Soyez,C (2244) La Roche sur Yon 2008}) 19. Na3 Ra4 20. g5 Bxb3 $1 21. gxf6 Rxd4 $1 {[%mdl 64] [#] Remove Defender} 22. Qxd4 Bxf6 23. Qd2 Be6 24. h5 $2 {[#]} (24. Qd3 $11 {and White stays safe.}) 24... b5 $1 $19 {[%cal Bb7b5,Bb5b4,Bb4a3][%mdl 32]} 25. hxg6 fxg6 $40 {[%mdl 128] aiming for ...b4. Black wants a kill.} 26. Qh6 $2 (26. c3 b4 27. cxb4) 26... b4 27. Qxh7+ Kf8 28. Qxg6 bxa3 29. Rh8+ $2 (29. e5 Qb5 {[%mdl 64] Double Attack} 30. Qh6+ {[%mdl 64] Pin} Ke8 31. b3 Qxe5 32. Qh5+ Qxh5 33. Rxh5) 29... Bxh8 {Black is clearly winning.} 30. Qxe6 Qb5 (30... Rb8 $142 31. b3 Qc3) 31. b3 Qe5 {Accuracy: White = 35%, Black = 74%.} 0-1

[Event "XC URU-ch Final 2019"]
[Site "Montevideo"]
[Date "2019.03.19"]
[Round "4.3"]
[White "Roselli Mailhe, Bernardo"]
[Black "Rodriguez Vila, Andres"]
[Result "1/2-1/2"]
[WhiteElo "2445"]
[BlackElo "2495"]
[Annotator "TA"]
[PlyCount "138"]
[EventDate "2019.03.16"]
[EventType "tourn"]
[EventCountry "URU"]
[SourceTitle "playchess.com"]
[Source "ChessBase"]
[SourceQuality "1"]

{[%evp 17,138,20,16,17,33,-4,7,0,12,-12,-10,-22,0,-29,-29,-31,0,0,67,73,163,152,302,91,208,186,191,160,162,152,251,237,242,250,277,276,348,332,283,257,250,246,217,194,309,293,280,295,285,274,289,280,267,275,268,269,283,213,258,253,245,193,291,268,387,397,418,387,434,355,322,293,274,206,153,0,257,146,153,148,153,109,189,191,384,350,389,391,387,383,490,418,423,418,604,652,520,458,429,379,336,187,186,179,166,32,43,45,39,39,40,41,34,0,0,-8,-8,-8,-8,-8,0,0,0]} 1. d4 f5 2. g3 Nf6 3. Bg2 d6 4. Nf3 g6 5. O-O Bg7 6. c4 O-O 7. Nc3 c6 8. Qc2 Na6 9. a3 Nc7 10. b3 {A88: Dutch Defence: Leningrad System: 5 Nf3 0-0 6 0-0 d6 7 Nc3 c6} (10. Rd1 h6 11. e4 fxe4 12. Nxe4 Qe8 13. Re1 Qf7 14. Nxf6+ Qxf6 15. Be3 Bg4 16. Nd2 Ne6 17. Ne4 Qf5 {0-1 (34) Posedaru,B (2351)-Piorun,K (2560) Arad 2014}) 10... Qe8 11. Bb2 e5 12. dxe5 dxe5 13. Rad1 $146 ({Predecessor:} 13. e4 Ng4 14. Rad1 fxe4 15. Nxe4 Bf5 16. Qe2 Qe7 17. h3 Nf6 18. Nxf6+ Bxf6 19. Nxe5 {½-½ (19) Ophoff,R (1727)-Betz,E (1811) Binz 2012}) 13... e4 14. Nd4 Bd7 15. Qc1 Ng4 16. h3 Ne5 17. f3 exf3 (17... Nd3 $11 18. exd3 Bxd4+ 19. Kh2 exf3 20. Rxf3 Qe5) 18. exf3 $14 f4 (18... c5 $16 {is a better defense.} 19. Nc2 Bc6) 19. gxf4 $18 Bh6 (19... c5 $16) 20. Nce2 $2 (20. Ne4 $1 $18 {is the precise move to win.}) 20... Qc8 (20... c5 $16) 21. Qc3 Nf7 22. f5 Bxf5 23. f4 $1 $40 {[%mdl 128] White wants a kill.} Ne8 ({But not} 23... Bg7 $2 24. Nxf5 $1 {[%mdl 512]} Bxc3 25. Ne7+ Kg7 26. Bxc3+ Kh6 27. Nxc8 $18) (23... Rd8 $16) 24. Nxf5 Qxf5 {[#]} 25. Nd4 $1 {[%cal Rd4f5]} Qc8 {[#] Black hopes to continue with ...Ng7.} 26. f5 $1 Bg7 27. Qc2 Nh8 28. Ne6 Rxf5 29. Rxf5 Qxe6 30. Rff1 Bxb2 (30... Nf7 $142 31. Rfe1 Qc8) 31. Qxb2 Nf7 32. Rfe1 Qf5 33. Qf2 Qxf2+ 34. Kxf2 Nf6 35. Re7 Rb8 36. b4 a6 37. Bf3 Kf8 38. Re6 Kg7 39. h4 h6 (39... Nh6 $142 40. Re7+ Kg8) 40. Kg3 g5 (40... a5 $142 41. bxa5 Ra8) 41. h5 a5 42. Rf1 axb4 43. axb4 Rf8 44. Kg2 Nd8 45. Rd6 {Bg4! is the strong threat.} Nf7 46. Re6 (46. Rxf6 $1 $16 Kxf6 47. Bxc6+ Ke7 48. Bxb7) 46... Nd8 $1 {[%cal Rd8e6]} 47. Re7+ (47. Re3 $18) 47... Rf7 $16 48. Rxf7+ Kxf7 {[%mdl 4096] Endgame KRB-KNN} 49. b5 cxb5 (49... Ne6 $16 50. Ra1 (50. bxc6 Nf4+ 51. Kf2 bxc6 $16) 50... g4) 50. cxb5 $18 Ke7 $2 (50... b6 51. Ra1 Ke7) 51. Re1+ Kd6 52. Rd1+ Ke7 53. Kg3 b6 54. Re1+ Kd6 55. Rc1 Kd7 (55... Ke7 $142 56. Rc8 Nf7 57. Rc7+ Ke8) 56. Bg4+ Ke8 57. Rc7 Nf7 58. Rb7 Ne5 59. Rb8+ ({Not} 59. Rxb6 Nfxg4 60. Kh3 Kd7 $15) (59. Bf5 $142) 59... Ke7 60. Be2 Ned7 61. Rh8 (61. Ra8 $18) 61... Nf8 $1 $14 62. Bc4 Nxh5+ 63. Kg4 Nf6+ 64. Kf5 Ne8 {aiming for ...Nd6+.} 65. Rxh6 {Black must now prevent Rc6.} (65. Ba2 {keeps more tension.} Nd6+ 66. Kg4 Nxb5 67. Rxh6 Nd7 68. Kxg5 Nd4 69. Kf4) 65... Nd6+ {[%mdl 64] Double Attack. The position is equal.} 66. Kxg5 {Strongly threatening Bd5.} Nxc4 67. Rc6 $1 {[%cal Rc6c4]} Ne6+ 68. Kh4 Nd6 69. Rxb6 Nd4 {Accuracy: White = 65%, Black = 48%.} 1/2-1/2